000 03415cam a2200457 4500500
005 20260111094608.0
041 _afre
042 _adc
100 1 0 _aJaudon, Bruno
_eauthor
700 1 0 _aLepart, Jacques
_eauthor
700 1 0 _aMarty, Pascal
_eauthor
700 1 0 _aPélaquier, Élie
_eauthor
245 0 0 _aHommes et arbres du Causse Méjan
260 _c2010.
500 _a13
520 _aRésuméDeux historiens, un géographe et un écologue «construisent», en mettant en commun leurs méthodes de recherche, une analyse de la couverture végétale et du paysage d’un espace rural de la frange méditerranéenne, le Causse Méjan, vaste plateau calcaire de 350 km2. Leur hypothèse est que le fonctionnement du système agricole et pastoral du causse, étudié sur plus de cinq siècles à partir d’un large éventail de sources, permet de saisir les clefs des principales interactions entre les pratiques humaines et les processus écologiques de colonisation des plantes ligneuses, qui sont à la source des modifications du paysage et en particulier de la dichotomie causse nu/causse boisé.
520 _aTwo historians, one geographer and one environmentalist gather to try and build through a putting in common of their respective research tools an analysis of the plant cover and landscape of a rural area on the Mediterranean margins, Causse Méjan, a large limestone plateau covering 135 square miles. The hypothesis they reach is that the study over more than five centuries and from a wide array of sources of the agricultual and pastoral system which operated on the Causse gives the keys to the most important interactions between human activity and the ecological processes of diffusion of ligneous plants, which gave rise to significant changes in landscape and more particularly the distinction between the so-called «naked» and «wooded» causses.
520 _aResumenDos historiadores, un geógrafo y un ecólogo tratan de construir, aunando sus métodos de investigación, un analisis de la vegetación y del paisaje de un espacio rural de las márgenes mediterráneas, el Causse Méjean (Lozère, Francia) amplio páramo calcáreo de 350 km². Su hipótesis es que el funcionamiento del sistema agro-pastoril de la meseta, estudiado sobre un período de más de cinco siglos a partir de un ancho abanico de fuentes, permite entender las principales interacciones entre las prácticas humanas y los procesos ecológicos de colonización de las plantas leñosas, que son la base de las modificaciones del paisaje y, especialmente, de la dicotomía páramo desnudo/páramo arbolado.
690 _acadastre
690 _acéréaliculture
690 _acompoix
690 _adéfrichements temporaires
690 _aélevage
690 _aenvironnement
690 _ajachère longue
690 _apaysage
690 _apopulation
690 _areforestation
690 _abreeding
690 _acereal farming
690 _acompoix
690 _aenvironnement
690 _aland registry
690 _alandscape
690 _along fallow
690 _apopulation
690 _areforestation
690 _atemporay clearing
786 0 _nHistoire & Sociétés Rurales | 32 | 2 | 2010-01-06 | p. 7-47 | 1254-728X
856 4 1 _uhttps://shs.cairn.info/revue-histoire-et-societes-rurales-2009-2-page-7?lang=fr&redirect-ssocas=7080
999 _c1628841
_d1628841